Ciudades más pobladas como un porcentaje de su continente - Estadísticas

Estadísticas generales
  • Esta prueba ha sido intentada 2.887 veces
    2.826 desde el último reinicio
  • La puntuación promedio es 18 de 37
Estadísticas de respuestas
% Ciudad % Correcto
1,76 París
87%
1,02 Madrid
85%
2,28 Londres
83%
3,66 Nueva York
82%
11,07 Sidney
82%
3,81 Buenos Aires
81%
2,92 Moscú
77%
4,17 Ciudad de México
74%
2,85 Río de Janeiro
71%
2,86 Los Ángeles
69%
5,04 São Paulo
69%
2,37 Bogotá
68%
2,69 Lima
63%
1,56 El Cairo
60%
1,88 Santiago
59%
11,12 Melbourne
51%
1,60 Chicago
48%
1,45 Lagos
46%
1,05 Miami
45%
2,43 Estambul
42%
1,42 Washington D.C.
42%
1,24 San Francisco
41%
3,29 Auckland
38%
5,01 Perth
38%
1,28 Toronto
38%
1,01 Johannesburgo
32%
7,45 Brisbane / Gold Coast
31%
1,17 Houston
31%
1,27 Dallas
30%
1,28 Boston
29%
1,08 Kinsasa
29%
3,16 Adelaida
27%
1,47 Cantón
23%
1,25 Filadelfia
20%
1,01 Atlanta
18%
1,12 Belo Horizonte
14%
2,21 Honolulu
3%
No se encontraron pruebas coincidentes
Distribución de puntuación
Porcentaje de gente con cada puntuación
Porcentaje por número respondido
Historial de tus puntuaciones
No has intentado esta prueba desde el último reinicio